LEADER 01027nlm0 22003251i 450 001 990009795350403321 005 20131126150320.0 010 $a9780470619902$bonline 035 $a000979535 035 $aFED01000979535 035 $a(Aleph)000979535FED01 035 $a000979535 100 $a20131126d2010----km-y0itay0103----ba 101 0 $aeng 135 $adrnn-008mamaa 200 1 $aEvolution after gene duplication$bRisorsa elettronica$fedited by Katharina Dittmar, David A. Liberles 210 $aHoboken, N. J.$cWiley-Blackwell$d2010 230 $aDocumento elettronico 336 $aTesto 337 $aFormato pdf 610 0 $aGenetica evolutiva 676 $a572.838 702 1$aDittmar,$bKatharina 702 1$aLiberles,$bDavid A. 801 0$aIT$bUNINA$gREICAT$2UNIMARC 856 4 $zFull text per gli utenti Federico II$uhttp://onlinelibrary.wiley.com/book/10.1002/9780470619902 901 $aEB 912 $a990009795350403321 996 $aEvolution after gene duplication$9836684 997 $aUNINA LEADER 02491nam 2200565 450 001 9910797403703321 005 20220901231818.0 010 $a1-4930-1622-9 035 $a(CKB)3710000000468728 035 $a(EBL)4086377 035 $a(SSID)ssj0001545231 035 $a(PQKBManifestationID)16134798 035 $a(PQKBTitleCode)TC0001545231 035 $a(PQKBWorkID)12569170 035 $a(PQKB)10660042 035 $a(MiAaPQ)EBC4086377 035 $a(EXLCZ)993710000000468728 100 $a20160401h20142014 ua 0 101 0 $aeng 135 $aur|n|---||||| 181 $ctxt 182 $cc 183 $acr 200 10$aU.S. Army human intelligence collector field manual /$fDepartment of the Army 210 1$aGuilford, CT :$cLyons Press,$d2014. 210 4$dİ2014 215 $a1 online resource (433 p.) 300 $aDescription based upon print version of record. 311 1 $a1-4930-0653-3 320 $aIncludes bibliographical references and index. 327 $aContents; PREFACE; PART ONE; CHAPTER 1; CHAPTER 2; CHAPTER 3; CHAPTER 4; PART TWO; CHAPTER 5; PART THREE; CHAPTER 6; CHAPTER 7; CHAPTER 8; CHAPTER 9; CHAPTER 10; CHAPTER 11; PART FOUR; CHAPTER 12; CHAPTER 13; Appendix A; Appendix B; Appendix C; Appendix D; Appendix E; Appendix F; Appendix G; Appendix H; Appendix I; Appendix J; Appendix K; Appendix L; Appendix M; Glossary; Bibliography; Index 330 $aIssued by the Department of the Army, this manual gives instructions on the structure, planning and management of human intelligence operations, the debriefing of soldiers, and the analysis of known relationships and map data. The largest and most updated section of the document details procedures for the screening and interrogation of prisoners of war and unlawful combatants, all of which was revised after the water-boarding controversy. 606 $aMilitary intelligence$zUnited States 606 $aMilitary interrogation$zUnited States 606 $aEspionage$zUnited States 606 $aSpies$zUnited States 606 $aQuestioning$vHandbooks, manuals, etc 615 0$aMilitary intelligence 615 0$aMilitary interrogation 615 0$aEspionage 615 0$aSpies 615 0$aQuestioning 676 $a355.020973 801 0$bMiAaPQ 801 1$bMiAaPQ 801 2$bMiAaPQ 906 $aBOOK 912 $a9910797403703321 996 $aU.S. Army human intelligence collector field manual$93826496 997 $aUNINA